000 01161cam a22002054a 4500
005 20250605164039.0
008 250528s ||||||||||||||||||||||||d
035 _a16934
020 _a335201466
040 _aGR-AtMCL
_bgre
_dGR-AtMCL
_eAACR2
245 1 _aDesigning and Reporting Experiments in Psychology / Second Edition
250 _a2nd
260 _bOpen University Press,
_c2002
300 _a234
520 _aThis book offers expanded advice and updated guidelines to students on designing and writing reports of experimental and other studies in psychology. Preface, Writing Experimental Reports, Some Preliminaries, The Introduction Section, The Method Section, The Results Section, The Discussion Section, The Title and Abstract, References and Appendices, Producing the Final Version of the Report, Designing Experiments, Experimenting in Psychology, Experimental Design I, Statistics: Significance Testing, Statistics: Effect Size and Power, Experimental Design II, Commentary, Recommended Reading, Answers to SAQs, References, Index to Concepts.
700 1 _aHarris Peter
_9918
942 _cBK
999 _c2379
_d2379